Vybrané aspekty rozvoja cestovného ruchu
Súborné údaje dokumentujúce rast cestovného ruchu v podmienkach bývalého Česko-Slovenska. Rozvoj domáceho a zahraničného cestovného ruchu v predvojnovom a povojnovom období.
Guardado en:
| Autor principal: | |
|---|---|
| Formato: | Capítulo de libro |
| Lenguaje: | eslovaco |
| Materias: | |
| Etiquetas: |
Sin Etiquetas, Sea el primero en etiquetar este registro!
|
MARC
| LEADER | 00000naa a2200000 4500 | ||
|---|---|---|---|
| 001 | r014239 | ||
| 005 | 20221213083427.0 | ||
| 041 | 0 | |a slo | |
| 044 | |a CZ | ||
| 245 | 1 | 0 | |a Vybrané aspekty rozvoja cestovného ruchu |c Vincent Sniščák |
| 520 | |a Súborné údaje dokumentujúce rast cestovného ruchu v podmienkach bývalého Česko-Slovenska. Rozvoj domáceho a zahraničného cestovného ruchu v predvojnovom a povojnovom období. | ||
| 610 | 2 | 0 | |a ruch cestovný |
| 610 | 2 | 0 | |a Slovensko |
| 610 | 2 | 0 | |a Česko |
| 610 | 2 | 0 | |a ukazovatele štatistické |
| 610 | 2 | 0 | |a 1930-1937 |
| 610 | 2 | 0 | |a 1960-1980 |
| 100 | 1 | |a Sniščák, Vincent | |